LEADER 01432nam0 2200301 450 001 000044662 005 20180523115721.0 100 $a20180418d1932----km-y0itaa50------ba 101 0 $aita 102 $aIT 200 1 $a<>Societa' dei naturalisti in Napoli nel 50. anniversario della sua fondazione$e1881-1931$fSocieta dei naturalisti 210 $aNapoli$cPremiato stabilimento tipografico N. Jovene$d1932 215 $aCXXXVI p.$d26 cm. 300 $aEstratto dal Bollettino della Societa' dei naturalisti in Napoli, vol. XLIV (1932) 517 1 $a<>Societa' dei naturalisti in Napoli nel cinquantesimo anniversario della sua fondazione 606 1 $aNaturalisti$xCelebrazioni 607 $aNapoli$xNaturalisti 676 $a506.04573$v(22. ed.)$9Organizzazioni e gestione scientifiche a Napoli 676 $a508.092$v(22. ed.)$9Storia naturale. Persone 710 02$aSocietà dei naturalisti$c$0735270 801 0$aIT$bUniversità della Basilicata - B.I.A.$gREICAT$2unimarc 912 $a000044662 996 $aSocieta' dei naturalisti in Napoli nel 50. anniversario della sua fondazione$91532926 997 $aUNIBAS CAT $aSTD017$b01$c20180418$lBAS01$h1821 CAT $aTTM$b30$c20180523$lBAS01$h1157 FMT Z30 -1$lBAS01$LBAS01$mBOOK$1BASA2$APolo Tecnico-Scientifico$2FVIG$BFondo Viggiani$3FVig/42011$642011$5T42011$7Collocato presso la Scuola di Agraria$820180418$f35$FStanza riservata LEADER 01044nam0-2200337li-450 001 990003307360203316 005 20180918160654.0 010 $a3-540-54190-X 035 $a000330736 035 $aUSA01000330736 035 $a(ALEPH)000330736USA01 035 $a000330736 100 $a2002009091990-------y0itay0103----ba 101 0 $aeng 102 $aGB 200 1 $aElements of quantum optics$fPierre Meystre, Murray Sargent III 205 $asecond edition 210 $aBerlin [etc.]$cSpringer-Verlag$dcopyr. 1990 215 $aXIV, 496 p.$c113 ill.$d25 cm 610 1 $aOttica quantistica 676 $a535$9Ottica e fenomeni parafotici 700 1$aMEYSTRE,$bPierre$0745912 702 1$aSARGENT,$bMurray,$bIII 801 $aSistema bibliotecario di Ateneo dell' Università di Salerno$gRICA 912 $a990003307360203316 951 $a535 MEY (B)$b14033/CBS$c535$d00326803 959 $aBK 969 $aSCI 979 $aRSIAV7$b90$c20090908$lUSA01$h1056 996 $aElements of quantum optics$91488140 997 $aUNISA